Vocabulaire utile judo - Statistiques

Statistiques générales
  • Ce quiz a été pris 188 fois
  • Le résultat moyen est 17 sur 68
Statistiques - réponses
Français équivalent en japonais % Correct
10 ju
75%
grand o
75%
tenue de judo judogi
67%
petit ko
67%
5 go
61%
fauchage gari
57%
4 shi
57%
porter la chose kimono
54%
intérieur uchi
53%
famille sol ne-waza
52%
extérieur soto
51%
taille/hanche koshi
49%
main te
45%
saisie kumi-Kata
44%
jambe/pied ashi
43%
3 san
38%
balayage barai
36%
2 ni
35%
famille main - bras épaule te-waza
35%
épaule kata
34%
famille jambe ashi-waza
29%
accrochage gake
28%
en croix juji
27%
a deux mains morote
27%
revers eri
25%
1 ichi
25%
ceinture obi
25%
famille sacrifice sutemi-waza
25%
côté yoko
23%
famille hanche koshi-waza
22%
9 kyu
21%
manche sode
20%
8 hachi
18%
gauche hidari
18%
genou hiza
18%
6 roku
18%
droite migi
17%
7 nana
17%
les deux okuri
17%
bras/coude ude
17%
blocage sasae
16%
famille luxation kansetsu-waza
15%
bonjour konnichiwa
15%
cou kubi
15%
avant mae
15%
famille strangulation shime-waza
15%
famille debout nage-waza
12%
arrière ushiro
12%
famille immobilisation osaekomi-waza
10%
au revoir sayonara
10%
aisselle waki
10%
contraire/croisé gyaku
6%
tenue d'entraînement keikogi
6%
talon kibisu
6%
tête atama
4%
partie basse gedan
4%
partie haute jodan
4%
torse mune
4%
partie moyenne chudan
3%
poignet tekubi
3%
cheville ashikubi
2%
cuisse momo
2%
postures d'appuis shisei
2%
paume teisho
2%
le talon hïru
1%
technique de judo tokui-waza
1%
déplacer utsuri
1%
doigt yubi
1%
Aucun quiz correspondant
Distribution des résultats
% des personnes avec chaque résultat
Percentile par nombre de réponses
Votre historique - résultats
Vous n’avez pas pris ce quiz